CPRE identifies flaws in regional planning (Record no. 66883)

MARC details
000 -LEADER
fixed length control field 01116cam a2200241 4500
001 - CONTROL NUMBER
control field WB3717-19
008 - FIXED-LENGTH DATA ELEMENTS--GENERAL INFORMATION
fixed length control field 000000n2001 000 0 eng u
035 ## - SYSTEM CONTROL NUMBER
System control number (Sirsi) u112385
245 ## - TITLE STATEMENT
Title CPRE identifies flaws in regional planning
260 ## - PUBLICATION, DISTRIBUTION, ETC.
Date of publication, distribution, etc. 2001
490 ## - SERIES STATEMENT
Series statement CPRE Press Release
Volume/sequential designation (18/01) 27 April 2001
520 ## - SUMMARY, ETC.
Summary, etc. A Council for the Protection of Rural England report has identified flaws in regional planning. It recommends: putting RPG3 on a stronger legal footing; guaranteeing public consultation; clear targets for preservation; testing housebuilding numbers at county level; establishing a national framework for RPG. The report, "Planning for a regional renaissance", is available from CPRE Publications, Warkwick House, 25 Buckingham Palace Road, London SW1W 0PP.
590 ## - LOCAL NOTE (RLIN)
Local note WB
650 ## - SUBJECT ADDED ENTRY--TOPICAL TERM
Topical term or geographic name entry element COUNCIL FOR THE PROTECTION OF RURAL ENGLAND
650 ## - SUBJECT ADDED ENTRY--TOPICAL TERM
Topical term or geographic name entry element CPRE
650 ## - SUBJECT ADDED ENTRY--TOPICAL TERM
Topical term or geographic name entry element HOUSE BUILDING
650 ## - SUBJECT ADDED ENTRY--TOPICAL TERM
Topical term or geographic name entry element PRESERVATION
650 ## - SUBJECT ADDED ENTRY--TOPICAL TERM
Topical term or geographic name entry element PUBLIC CONSULTATIONS
650 ## - SUBJECT ADDED ENTRY--TOPICAL TERM
Topical term or geographic name entry element RPG3
650 ## - SUBJECT ADDED ENTRY--TOPICAL TERM
Topical term or geographic name entry element RURAL PLANNING
690 ## - LOCAL SUBJECT ADDED ENTRY--TOPICAL TERM (OCLC, RLIN)
Topical term or geographic name as entry element ENVIRONMENTAL AND LAND CONSULTANCY-PLANNING AND DEVELOPMENT
942 ## - ADDED ENTRY ELEMENTS (KOHA)
Suppress in OPAC 0
Holdings
Withdrawn status Lost status Source of classification or shelving scheme Damaged status Not for loan Home library Current library Shelving location Date acquired Total Checkouts Full call number Barcode Date last seen Copy number Price effective from Koha item type
    Dewey Decimal Classification     London London News article 02/05/2001   WB3717-19 112385-1001 06/08/2019 1 06/08/2019 News article